Movies Quiz

Random Movies or Letter Quiz

Double Letter Disney Movies Quiz Stats

Quiz Updated Oct 20, 2017

Also try: Disney Animals
Challenge
Share
Tweet
Embed
Score 0/16 Timer 04:00
0 Plays Today
Disney Movie % Correct
Cinderella
82.8%
Pinocchio
76.2%
Aladdin
74.4%
Sleeping Beauty
69.2%
The Little Mermaid
65.7%
The Princess and the Frog
44.4%
The Jungle Book
41.1%
Robin Hood
36.2%
Disney Movie % Correct
Winnie the Pooh
25.6%
The Emperor's New Groove
24.7%
The Three Caballeros
22%
Zootopia
21%
Chicken Little
19.4%
Meet the Robinsons
14.8%
Fun and Fancy Free
13.9%
The Many Adventures of Winnie the Pooh
10.4%

You're not logged in!

Compare scores with friends on all Sporcle quizzes.
Join for Free
OR
Log In

You Might Also Like...

Show Comments

Extras

Top Quizzes Today


Score Distribution

Your Account Isn't Verified!

In order to create a playlist on Sporcle, you need to verify the email address you used during registration. Go to your Sporcle Settings to finish the process.

Report this User

Report this user for behavior that violates our Community Guidelines.

Details: